|
|
|
|
| LEADER |
01135nam a22003132a 4500 |
| 001 |
001111766 |
| 003 |
CZ BrMZK |
| 005 |
20110224131855.0 |
| 007 |
ta |
| 008 |
100825s1982 xr er|||||||||||cze d |
| 015 |
|
|
|a cnb000161791
|
| 035 |
|
|
|a (OCoLC)42186773
|
| 040 |
|
|
|a ABA001
|b cze
|c ABA001
|d ABA001
|d BOA001
|
| 041 |
1 |
|
|a cze
|h rus
|
| 080 |
9 |
|
|a 882(474.5)-31
|
| 100 |
1 |
|
|a Petkevičius, Vytautas,
|d 1930-
|7 xx0026578
|4 aut
|
| 245 |
1 |
0 |
|a O chlebě, lásce a pušce /
|c Vytautas Petkevičius ; z ruštiny přeložila Jitka Tomanová-Netuková
|
| 250 |
|
|
|a 1. vyd.
|
| 260 |
|
|
|a Praha :
|b Melantrich,
|c 1982
|e (Brno :
|f Tisk 2)
|
| 300 |
|
|
|a 456 s. ;
|c 21 cm
|
| 490 |
1 |
|
|a Panorama ;
|v sv. 50
|
| 700 |
1 |
|
|a Tomanová, Jitka,
|d 1938-
|7 jk01132646
|4 trl
|
| 765 |
0 |
|
|t O chlebe, ljubvi i vintovke
|9 Česky
|
| 830 |
|
0 |
|a Panoráma (Melantrich)
|0 s
|
| 856 |
4 |
1 |
|u http://www.digitalniknihovna.cz/mzk/uuid/uuid:81e914e0-adb8-11e2-8b87-005056827e51
|y Digitalizovaný dokument
|x NDK
|
| 910 |
|
|
|a BOA001
|b 2-0853.365
|
| 990 |
|
|
|a BK
|
| 991 |
|
|
|b 201008
|
| 996 |
6 |
|
|b 2619363830
|c 2-0853.365
|l MZK
|r Sklad / do 1 hodiny
|n 0
|w 001139282
|u 000010
|a 1
|e BOA001
|j MZK50
|s P
|